Reluctant Managers: Their Worth and Lifestyle (Record no. 1996)

MARC details
000 -LEADER
fixed length control field 00339nam a22001337a 4500
008 - FIXED-LENGTH DATA ELEMENTS--GENERAL INFORMATION
fixed length control field 250220b |||||||| |||| 00| 0 eng d
020 ## - INTERNATIONAL STANDARD BOOK NUMBER
ISBN 0043050166
100 ## - MAIN ENTRY--AUTHOR
Author SCASE, Richard
245 ## - TITLE STATEMENT
Title Reluctant Managers: Their Worth and Lifestyle
260 ## - PUBLICATION, DISTRIBUTION, ETC. (IMPRINT)
Place of publication London
Name of publisher Urvin Hyman
Date of publication 1989
300 ## - COLLATION
Pagination 215p.
942 ## - ADDED ENTRY ELEMENTS (KOHA)
Item type Books
050 ## - LIBRARY OF CONGRESS CALL NUMBER
Classification number HD38.25
Item number .S31
Holdings
Source of classification or shelving scheme Not for loan Permanent location Current location Date acquired Accession No. Full call number Barcode. Koha item type
Library of Congress Classification   Samuel Ogbemudia Main Library, University of Abuja Samuel Ogbemudia Main Library, University of Abuja 02/20/2025 91/003688 HD38.25.S31 2025-0134 Books